000 00903nam a2200289Ia 4500
001 Para_8018
003 CHAP
008 220125s1918 xx 000 0 und d
010 _a206947
040 _cCHAP
082 _aPA-C 595.75 H4
100 _aSeverin, H. C.
_9105395
245 _aThe Buffalo tree hopper /
_c by H. C. Severin.
260 _aBrookings, S. Dak :
_b Office of the State Entomologist of South Dakota,
300 _a2 p.
440 _aHemiptera; 12
_9172048
500 _aEncuadernado con otros escritois similares
650 _aHemípteros
_x colecciones de escritos Ceresa bubalus
_9173357
710 _aSouth Dakota. Office of the States Entomologist: Circular; 2
_9173358
901 _aPA-C 595.75 H4
902 _aA
905 _a0000001918 0000000000 00
910 _a1918
942 _cPARA
942 _cPARA
_d1
999 _c206947
_d206947